| 000 | 00634nam a2200181 a 4500 | ||
|---|---|---|---|
| 005 | 20251204064021.0 | ||
| 008 | 991125s1982 [me 000 0 spa u | ||
| 035 | _aUPN01000007058 | ||
| 049 | _aSEP | ||
| 050 | 4 |
_aL227 D421.43 _bB2 1982 |
|
| 245 | 0 | 0 |
_aCatálogo de especialidades 1982 : _bMorelos / _cColegio Nacional de Educación Profesional Técnica. |
| 260 |
_a[México] : _bCONALEP, _c1982. |
||
| 300 | _a15 p. | ||
| 650 | 4 |
_aEnseñanza técnica _vCatálogos _920996 |
|
| 650 | 4 |
_aEnseñanza técnica _zMorelos _vPlanes y programas _921357 |
|
| 710 | 2 | _aColegio Nacional de Educación Profesional Técnica (México) | |
| 905 | _aLibro | ||
| 999 |
_c7058 _d7058 |
||